[Event "Pristina Balkan op-B"]
[Site "Pristina"]
[Date "2024.06.19"]
[Round "8"]
[White "Demir, Hazal"]
[Black "Buzhala, Jakob"]
[Result "1/2-1/2"]
[WhiteElo "1425"]
[BlackElo "1789"]
[PlyCount "41"]
[EventDate "2024.06.14"]
[EventType "swiss"]
[EventRounds "9"]
[EventCountry "KOS"]
[SourceTitle "CBM 221 Extra"]
[Source "ChessBase"]
[SourceDate "2024.09.30"]
[SourceVersion "1"]
[SourceVersionDate "2024.09.30"]
[SourceQuality "1"]

1. e4 c6 2. d4 d5 3. exd5 cxd5 4. Bd3 Nc6 5. c3 Nf6 6. Bf4 e6 7. Nf3 Bd6 8. Bxd6 Qxd6 9. 0-0 0-0 10. Re1 Re8 11. Ne5 h6 12. Qd2 Qc7 13. Re3 g6 14. Rh3 h5 15. Qg5 Qe7 16. Qh6 Nxe5 17. dxe5 Ng4 18. Qf4 Qc7 19. Rf3 Rf8 20. Bxg6 Qxe5 21. Bd3 1/2-1/2